Optimized cloud resource management and scheduling : (Record no. 20354)
[ view plain ]
| 000 -LEADER | |
|---|---|
| fixed length control field | 00790cam a22002415a 4500 |
| 001 - CONTROL NUMBER | |
| control field | 18244898 |
| 005 - DATE AND TIME OF LATEST TRANSACTION | |
| control field | 20151222102822.0 |
| 008 - FIXED-LENGTH DATA ELEMENTS--GENERAL INFORMATION | |
| fixed length control field | 140728t2015 maua frb 000 0 eng d |
| 020 ## - INTERNATIONAL STANDARD BOOK NUMBER | |
| International Standard Book Number | 9780128014769 |
| 040 ## - CATALOGING SOURCE | |
| Original cataloging agency | DLC |
| Language of cataloging | eng |
| Transcribing agency | DLC |
| Modifying agency | EG-ScBUE |
| 082 04 - DEWEY DECIMAL CLASSIFICATION NUMBER | |
| Edition number | 22 |
| Item number | TIA |
| Classification number | 004.6782 |
| 100 1# - MAIN ENTRY--PERSONAL NAME | |
| Personal name | Tian, Wenhong. |
| 9 (RLIN) | 38955 |
| 245 10 - TITLE STATEMENT | |
| Title | Optimized cloud resource management and scheduling : |
| Remainder of title | theory and practices / |
| Statement of responsibility, etc | Wenhong Tian, Yong Zhao. |
| 260 ## - PUBLICATION, DISTRIBUTION, ETC. (IMPRINT) | |
| Place of publication, distribution, etc | Waltham : |
| Name of publisher, distributor, etc | Morgan Kaufmann / Elsevier, |
| Date of publication, distribution, etc | c.2015. |
| 300 ## - PHYSICAL DESCRIPTION | |
| Extent | xiii, 266 p. : |
| Other physical details | ill. ; |
| Dimensions | 24 cm. |
| 504 ## - BIBLIOGRAPHY, ETC. NOTE | |
| Bibliography, etc | Includes bibliographical references. |
| 650 #7 - SUBJECT ADDED ENTRY--TOPICAL TERM | |
| Source of heading or term | BUEsh |
| 9 (RLIN) | 37309 |
| Topical term or geographic name as entry element | Cloud computing. |
| 650 #0 - SUBJECT ADDED ENTRY--TOPICAL TERM | |
| Topical term or geographic name as entry element | Computer scheduling |
| Source of heading or term | BUEsh |
| 651 ## - SUBJECT ADDED ENTRY--GEOGRAPHIC NAME | |
| Source of heading or term | BUEsh |
| 653 ## - INDEX TERM--UNCONTROLLED | |
| Resource For college | Informatics and Computer Science |
| Arrived date list | July2015 |
| -- | December2015 |
| 700 ## - ADDED ENTRY--PERSONAL NAME | |
| Personal name | Zhao, Yong. |
| 942 ## - ADDED ENTRY ELEMENTS (KOHA) | |
| Source of classification or shelving scheme | Dewey Decimal Classification |
| Withdrawn status | Lost status | Source of classification or shelving scheme | Damaged status | Not for loan | Koha collection | Home library | Current library | Shelving location | Date acquired | Source of acquisition | Cost, normal purchase price | Serial Enumeration / chronology | Total Checkouts | Full call number | Barcode | Date last seen | Cost, replacement price | Koha item type |
|---|---|---|---|---|---|---|---|---|---|---|---|---|---|---|---|---|---|---|
| Dewey Decimal Classification | Baccah | Central Library | Central Library | Lower Floor | 22/07/2015 | Purchase | 640.00 | 21759 | 004.6782 TIA | 000039619 | 15/07/2025 | 800.00 | Book - Borrowing |